Informe sociológico sobre el cambio político en España, 1975-1981 (Record no. 189779)
[ view plain ]
| 000 -LEADER | |
|---|---|
| campo de control de longitud fija | 00864nam a2200217 i 4500 |
| 001 - NÚMERO DE CONTROL | |
| campo de control | 189779 |
| 003 - IDENTIFICADOR DE NÚMERO DE CONTROL | |
| campo de control | ES-MaACL |
| 005 - FECHA Y HORA DE LA ÚLTIMA TRANSACCIÓN | |
| campo de control | 20230906223543.0 |
| 008 - DATOS DE LONGITUD FIJA--INFORMACIÓN GENERAL | |
| campo de control de longitud fija | 191125s1981 sp |||| | spa d |
| 110 2# - ENTRADA PRINCIPAL--NOMBRE DE ENTIDAD CORPORATIVA | |
| Nombre de entidad corporativa o nombre de jurisdicción como elemento de entrada | Fundación FOESSA. |
| 9 (RLIN) | 4303 |
| 245 10 - MENCIÓN DEL TÍTULO | |
| Título | Informe sociológico sobre el cambio político en España, 1975-1981 |
| Resto del título | : IV informe Foessa / |
| Mención de responsabilidad, etc. | Fundación Foessa ; [director de la investigación, Juan J. Linz Storch de Gracia]. |
| 260 ## - PUBLICACIÓN, DISTRIBUCIÓN, ETC. | |
| Lugar de publicación, distribución, etc. | Madrid : |
| Nombre del editor, distribuidor, etc. | Euroamérica, |
| Fecha de publicación, distribución, etc. | [1981] |
| 300 ## - DESCRIPCIÓN FÍSICA | |
| Extensión | XXIII, 658 p. ; |
| Dimensiones | 27 cm + |
| Material acompañante/anejo | 2 h. pleg. |
| 490 1# - MENCIÓN DE SERIE | |
| Mención de serie | Colección Fundación Foessa ; |
| Designación de volumen o secuencia | 8 |
| 651 ## - PUNTO DE ACCESO ADICIONAL DE MATERIA--NOMBRE GEOGRÁFICO | |
| Nombre geográfico | España- |
| Subdivisión general | Situación social- |
| Subdivisión cronológica | 1975-1982. |
| 9 (RLIN) | 8507 |
| 651 #4 - PUNTO DE ACCESO ADICIONAL DE MATERIA--NOMBRE GEOGRÁFICO | |
| Nombre geográfico | España- |
| Subdivisión general | Historia- |
| Subdivisión cronológica | 1975-1982, Transición. |
| 9 (RLIN) | 149272 |
| 700 0# - ENTRADA AGREGADA--NOMBRE PERSONAL | |
| Nombre de persona | Linz, Juan J. |
| 9 (RLIN) | 72470 |
| 830 0# - PUNTO DE ACCESO ADICIONAL DE SERIE-TÍTULO UNIFORME | |
| Título uniforme | Colección Fundación Foessa ; |
| Designación de volumen o secuencia | 8 |
| 9 (RLIN) | 193406 |
| 852 ## - LOCALIZACIÓN | |
| Ubicación | ES-MaACL |
| Número de control de estantería | P-1086-8 |
| Estatus retirado | Estado de pérdida | Estado de daño | No para préstamo | Biblioteca de origen | Biblioteca actual | Ubicación en estantería | Fecha de adquisición | Fuente de adquisición | Total de préstamos | Signatura topográfica completa | Código de barras | Visto por última vez | Precio de reemplazo | Tipo de ítem Koha |
|---|---|---|---|---|---|---|---|---|---|---|---|---|---|---|
| Biblioteca del Ateneo de Madrid | Biblioteca del Ateneo de Madrid | Depósito 2 | 25/11/2019 | P-1086-8 | 1201287 | 23/02/2023 | 23/02/2023 | Libro impreso |
